|
|
|
|
| LEADER |
00000nam a2200000 a 4500 |
| 001 |
vtls008181767 |
| 003 |
SK-MaSNL |
| 005 |
20260302074036.0 |
| 008 |
240314s1930 xo 000 0 slo |
| 040 |
|
|
|a SNK
|b slo
|c SNK
|e AACR2
|
| 041 |
1 |
|
|a slo
|h spa
|
| 044 |
|
|
|a xo
|c SK
|
| 100 |
1 |
|
|a Rodriguez, Alfonz S. J.
|4 aut
|9 739185
|
| 245 |
1 |
0 |
|a Kresťanská dokonalosť
|n časť tretia, sväzok druhý
|c Alfonz Rodriguez ; preložil Viktor Šichta
|
| 260 |
|
|
|a Trnava
|b Posol Božského Srdca Ježišovho
|c 1930
|
| 300 |
|
|
|a 270 s.
|
| 700 |
1 |
|
|a Šichta, Viktor,
|d 1895-1973
|4 trl
|9 69916
|
| 852 |
|
|
|a Slovenská národná knižnica v Martine
|b 10000
|h SD 11521/3/2
|
| 999 |
|
|
|c 1163399
|d 1165329
|
| 952 |
|
|
|a SNK
|b SNK
|y PREZ
|7 0
|p 17A0473368
|o snkSD 11521/3/2
|i snk1643/56
|3 rekatalogizácia
|0 0
|1 0
|4 0
|d 2005-06-29
|l 0
|r 2025-11-25 00:00:00
|w 2026-02-24
|
| 952 |
|
|
|a SNK
|b SNK
|y VYP
|7 0
|p 17A1315776
|o snkSD 11521/3/2 D1
|i snkF 1736/69
|8 5
|3 rekatologizácia
|0 0
|1 0
|4 0
|d 2020-09-16
|l 0
|r 2026-02-24 20:40:19
|w 2026-02-24
|